Existenzphilosophie : eine Einfuhrung in Heidegger und Jaspers

Αποθηκεύτηκε σε:
Λεπτομέρειες βιβλιογραφικής εγγραφής
Κύριος συγγραφέας: Pfeiffer, Johannes, 1902-1970
Μορφή: Βιβλίο
Γλώσσα:German
Δημοσίευση: Hamburg : Richard Meiner, [1952]
Έκδοση:3. erw. Aufl.
Θέματα:
Ετικέτες: Προσθήκη ετικέτας
Δεν υπάρχουν, Καταχωρήστε ετικέτα πρώτοι!

MARC

LEADER 00000cam a2200000 i 4500
001 1/39382
008 061215s1952 ger d
035 |l 10086577 
040 |a GR-MY-UA  |b gre  |e aacr 
041 0 |a ger 
082 0 |a 200.1  |2 (22) 
100 1 |a Pfeiffer, Johannes,   |d 1902-1970. 
245 1 0 |a Existenzphilosophie :  |b eine Einfuhrung in Heidegger und Jaspers /  |c von Johannes Pfeiffer 
250 |a 3. erw. Aufl. 
260 |a Hamburg :   |b Richard Meiner,   |c [1952] 
300 |a 57 σ.;  |c 21 εκ. 
500 |a Με: Wissen, Glaube und Skepsis / Karl Lowith. - Heidegger: Denker in durftiger Zeit / Karl Lowith. - Die alten Griechen und wir / Bruno Snell. - Kunst und Koexistenz / Ernst Fischer 
600 1 0 |a Heidegger, Martin,   |d 1889-1976. 
600 1 0 |a Jaspers, Karl,   |d 1883-1969. 
650 0 0 |a Existentialism. 
852 |a INST  |b RHODES  |c KRI  |e 20061215  |h  200.1 LOW  |p 005400027352  |q 005400027352  |t BK  |y 0 
901 |a BIBL4-2006-3 
909 |a Ρ  |b 123622 
970 |a ΚΟΖΑ  |b ΜΑΡΙΑ  |z 2006/12/15